000 00497nam a2200169Ia 4500
003 OSt
005 20200125121011.0
008 190216s9999||||xx |||||||||||||| ||und||
020 _a9788181522139
040 _coclc
082 _a332.10954
_bMAT/B
100 _aMathur, B L
_9617
245 0 _aBanking Perspectives And Development /
_cB L Mathur
260 _bBook Enclave Inida,
_c2008.
_aJaipur:
300 _a369p
942 _cBK
_2ddc
_h332.10954
_iMAT/B
_k332.10954
_mMAT/B
999 _c11418
_d11418